| 000 | 00475nam a2200181Ia 4500 | ||
|---|---|---|---|
| 001 | 11928 | ||
| 005 | 20260306162904.0 | ||
| 008 | 260306t2025||||xx |||||||||||||| ||spa|| | ||
| 041 | _aESP | ||
| 082 |
_aHR 327 _bJUL-DIC 2024 RPI |
||
| 110 | _aAcademia Diplomática del Perú Javier Pérez de Cuéllar | ||
| 245 | 0 | _aRevista política internacional | |
| 260 | _c2025 | ||
| 300 |
_a293 páginas : _c24 cm. |
||
| 650 | _aGEN | ||
| 654 | _aCDE | ||
| 942 |
_cREV _dJUS _fJUS _2ddc _n |
||
| 999 |
_c11928 _d11928 |
||